Simulación y optimización de la radial de Guadalupe

Na minha lista:
Detalhes bibliográficos
Autor principal: Anglin Fonseca, Lloyd Richard
Formato: Livro
Publicado em: San José, Costa Rica 1991
Assuntos:
Tags: Adicionar Tag
Sem tags, seja o primeiro a adicionar uma tag!

MARC

LEADER 00000nam a2200000Ia 4500
003 005110
005 20221231144329.0
008 140114s1991 cr a m 000 ||s d
040 |c cru CEDI 
090 |a TFG 2423 
100 |a Anglin Fonseca, Lloyd Richard  |9 12801 
245 |a Simulación y optimización de la radial de Guadalupe 
260 |c 1991  |a San José, Costa Rica 
300 |a  168, [73] hojas : ilustraciones ; 27 cm.  
500 |a Proyecto de graduación (licenciatura en ingeniería civil)--Universidad de Costa Rica. Facultad de Ingeniería. Escuela de Ingeniería Civil 
650 |x TRANSYT-7F (PROGRAMAS PARA COMPUTADORA)   |x kINGENIERIA DEL TRANSITO - GUADALUPE (SAN JOSE, COSTA RICA)  |9 12802 
942 |c TFG 
999 |c 20253  |d 20253